| 000 | 00510nam a2200169 i 4500 | ||
|---|---|---|---|
| 001 | 95290 | ||
| 003 | ES-MaACL | ||
| 005 | 20230906181655.0 | ||
| 007 | t| | ||
| 008 | 050525q1915 sp ||||1| spa d | ||
| 100 | 1 |
_aLyon, Gaston. _974946 |
|
| 245 | 1 | 0 |
_aTratado elemental de clínica terapéutica / _cGastón Lyon; traducido por Francisco Carbó y Palou. |
| 260 |
_aBarcelona : _bSalvat, _c1915? |
||
| 300 |
_a2 v. ; _c26 cm. |
||
| 700 | 1 |
_aCarbó y Palou, Francisco. _935027 |
|
| 852 |
_aES-MaACL _jB-10932-33 |
||
| 999 |
_c95290 _d95290 |
||